| 000 | 00534nam a22001697a 4500 | ||
|---|---|---|---|
| 005 | 20260323120051.0 | ||
| 008 | 260323b |||||||| |||| 00| 0 eng d | ||
| 020 | _a978-1394-190225 | ||
| 100 | _aZOU, PATRICK X. W. | ||
| 245 |
_aRESEARCH METHODOLOGY AND STRATEGY _bTHEORY AND PRACTICE |
||
| 260 |
_aHOBOKEN, USA _bJOHN WILEY AND SONS _c2023 |
||
| 300 | _aXV, 239P | ||
| 500 | _aINCLUDES INDEX | ||
| 650 | _a1. RESEAARCH METHODOGY - TEXTBOOKS 2. SOCIAL SCIENCES - RESEARCH- TEXTBOOKS | ||
| 700 | _aXU, XIAOXIAO | ||
| 942 |
_2lcc _cBK |
||
| 999 |
_c216855 _d216855 |
||